[Event "XL C.to Italiano femminile"]
[Site "Porto San Giorgio ITA"]
[Date "2013.08.27"]
[Round "7"]
[White "Arnetta, Maria Teresa"]
[Black "Gueci, Laura"]
[Result "1/2-1/2"]
[WhiteElo "2014"]
[BlackElo "1913"]
[PlyCount "204"]
[EventDate "2013.08.21"]

1. e4 c5 2. c3 Nf6 3. e5 Nd5 4. d4 cxd4 5. Nf3 e6 6. cxd4 d6 7. Bc4 Nc6 8. O-O
Be7 9. Bd2 O-O 10. Nc3 Nxc3 11. Bxc3 b6 12. d5 exd5 13. Bxd5 Bb7 14. e6 fxe6
15. Bxe6+ Kh8 16. Rc1 Bf6 17. Bd5 Rc8 18. Qa4 Bxc3 19. Rxc3 Na5 20. Bxb7 Rxc3
21. bxc3 Nxb7 22. Qxa7 Nc5 23. Rb1 h6 24. Qxb6 Qf6 25. Rd1 Ne4 26. Qd4 Nxc3 27.
Qxf6 Rxf6 28. Rd2 d5 29. Rc2 Rb6 30. h4 Ne4 31. Kf1 Rb4 32. Ke2 Kh7 33. g3 Ra4
34. Ke3 Ra3+ 35. Kf4 Nc3 36. Nd4 Kg8 37. Ke5 Nxa2 38. Rc8+ Kh7 39. Kxd5 Nc3+
40. Ke5 Ra5+ 41. Kf4 Nd5+ 42. Ke4 Nf6+ 43. Kf3 Ra3+ 44. Kg2 Ra6 45. Rc7 Kg6 46.
Re7 Nd5 47. Rb7 Nf6 48. Kh3 Rd6 49. Nf3 Ra6 50. Ne5+ Kh7 51. Rb3 Ra2 52. f3 Ra5
53. Nd3 Nd7 54. g4 Nc5 55. Nxc5 Rxc5 56. h5 Rd5 57. Kg3 Ra5 58. Rb4 Kg8 59. Rb6
Kf7 60. Rb4 Rc5 61. Kf4 Ra5 62. Ke4 Ra1 63. Rb5 Ra6 64. f4 Re6+ 65. Kd5 Re1 66.
Rb6 Re2 67. Rg6 Re1 68. Ra6 Re2 69. g5 hxg5 70. fxg5 Rh2 71. g6+ Ke7 72. Re6+
Kf8 73. Re5 Ra2 74. Ke6 Ra6+ 75. Kf5 Ra1 76. Kg5 Rg1+ 77. Kf5 Rf1+ 78. Ke6 Ra1
79. Rf5+ Kg8 80. Rd5 Re1+ 81. Kd7 Kf8 82. Rf5+ Kg8 83. Rc5 Rd1+ 84. Ke6 Re1+
85. Kd7 Rd1+ 86. Kc7 Kf8 87. Rf5+ Kg8 88. Rb5 Rc1+ 89. Kd6 Rd1+ 90. Ke5 Rd8 91.
Kf5 Ra8 92. Kg5 Rc8 93. h6 gxh6+ 94. Kxh6 Ra8 95. Rb7 Rc8 96. Rb6 Rd8 97. Kg5
Rd1 98. Kf6 Rf1+ 99. Ke7 Kg7 100. Re6 Rg1 101. Rb6 Rxg6 102. Rxg6+ Kxg6 1/2-1/2

[Event "XL C.to Italiano femminile"]
[Site "Porto San Giorgio ITA"]
[Date "2013.08.27"]
[Round "7"]
[White "Chiarion, Elisa"]
[Black "Gueci, Tea"]
[Result "1/2-1/2"]
[WhiteElo "1985"]
[BlackElo "2018"]
[PlyCount "131"]
[EventDate "2013.08.21"]

1. e4 c5 2. Nf3 d6 3. d4 cxd4 4. Nxd4 Nf6 5. Nc3 a6 6. f4 e5 7. Nf3 Nbd7 8. a4
Be7 9. Be2 O-O 10. O-O exf4 11. Kh1 Nc5 12. e5 dxe5 13. Qxd8 Rxd8 14. Nxe5 Bf5
15. Bc4 Be6 16. Bxf4 Rd4 17. Bxe6 Nxe6 18. Be3 Rb4 19. Nd3 Rh4 20. Bf2 Rh5 21.
Bg3 Nd5 22. Nxd5 Rxd5 23. Rae1 Rd4 24. b3 Rc8 25. Re2 Bf6 26. Be5 Bxe5 27. Nxe5
Rc7 28. g3 f6 29. Nc4 Kf7 30. Rfe1 Nc5 31. a5 f5 32. c3 Rd8 33. Rf1 g6 34. g4
Nxb3 35. Ne5+ Kf6 36. gxf5 gxf5 37. Ng4+ Kg5 38. Ne3 Rd2 39. Rxf5+ Kg6 40. Re1
h6 41. Rg1+ Kh7 42. Nd5 Rg7 43. Nf6+ Kh8 44. Re1 Rd8 45. Ne8 Rg8 46. Rfe5 Rg6
47. Rf1 Rg8 48. Nf6 Rdf8 49. Re7 Rg7 50. Rxg7 Kxg7 51. Nh5+ Kg8 52. Rg1+ Kh8
53. Rg6 Nxa5 54. Rxh6+ Kg8 55. Rb6 Rc8 56. Nf6+ Kf7 57. Ne4 Rc6 58. Rxc6 Nxc6
59. Nd6+ Ke6 60. Nxb7 Kd5 61. h4 Kc4 62. h5 Kxc3 63. h6 Ne7 64. h7 Ng6 65. Kg2
Kd4 66. Kf3 1/2-1/2

[Event "XL C.to Italiano femminile"]
[Site "Porto San Giorgio ITA"]
[Date "2013.08.27"]
[Round "7"]
[White "Chierici, Marianna"]
[Black "Messina, Roberta"]
[Result "0-1"]
[WhiteElo "2076"]
[BlackElo "2097"]
[PlyCount "128"]
[EventDate "2013.08.21"]

1. Nf3 c5 2. d4 cxd4 3. Nxd4 Nf6 4. g3 d5 5. Bg2 Nc6 6. Nxc6 bxc6 7. c4 e6 8.
O-O Be7 9. cxd5 cxd5 10. b4 O-O 11. a3 Ne4 12. Qb3 a5 13. Rd1 Qb6 14. Bxe4 dxe4
15. Be3 Qb7 16. b5 a4 17. Qb2 Bd7 18. Nc3 Rfc8 19. Nxe4 Qxb5 20. Qd4 Be8 21.
Nd6 Bxd6 22. Qxd6 Qxe2 23. Rac1 h6 24. Re1 Qf3 25. Qf4 Qd5 26. Rcd1 Qb3 27. Qg4
Qxa3 28. Bxh6 Qc3 29. Rc1 Qf6 30. Bg5 Qg6 31. h4 Qf5 32. Rxc8 Rxc8 33. Qxf5
exf5 34. Rc1 Ra8 35. Be3 Kh7 36. Kf1 Kg6 37. Ke2 a3 38. Bd4 Ra4 39. Ke3 a2 40.
f3 f6 41. Bc3 Bf7 42. Rg1 Ra3 43. Kd2 Bd5 44. Rf1 Bxf3 45. Bb2 Rb3 46. Kc2 Re3
47. Bd4 Be4+ 48. Kb2 Re2+ 49. Ka3 Rg2 50. Bb2 Bd5 51. h5+ Kg5 52. Bc1+ Kxh5 53.
Bf4 g5 54. Bd6 Kg4 55. Rd1 Be4 56. Be7 Bb1 57. Bxf6 Rxg3+ 58. Kb2 Rg2+ 59. Ka1
f4 60. Bxg5 Kxg5 61. Rd5+ Kg4 62. Rd2 Rg3 63. Rg2 f3 64. Rf2 Rh3 0-1

[Event "XL C.to Italiano femminile"]
[Site "Porto San Giorgio ITA"]
[Date "2013.08.27"]
[Round "7"]
[White "Scarpa, Silvia"]
[Black "De Rosa, Mariagrazia"]
[Result "0-1"]
[WhiteElo "1753"]
[BlackElo "2061"]
[PlyCount "86"]
[EventDate "2013.08.21"]

1. e4 c5 2. Nc3 a6 3. g3 b5 4. Bg2 Bb7 5. d3 e6 6. Nf3 d6 7. O-O Nf6 8. Nh4 Nc6
9. f4 Qc7 10. Ne2 Be7 11. f5 Nd4 12. c3 Nxe2+ 13. Qxe2 e5 14. c4 Nd7 15. Nf3
bxc4 16. dxc4 Nb8 17. Ne1 Nc6 18. Qg4 Bf6 19. Nc2 Nd4 20. Qd1 Bc6 21. b3 Qb7
22. Qd3 a5 23. Bd2 a4 24. Rab1 axb3 25. axb3 Ra2 26. Rfc1 O-O 27. b4 Qa8 28. b5
Bb7 29. Ra1 Qa4 30. Rxa2 Qxa2 31. Nxd4 exd4 32. Qc2 Qa3 33. Rb1 d3 34. Qb3 Bd4+
35. Kf1 Ra8 36. Qxa3 Rxa3 37. Bf4 Ra2 38. Bh3 Rf2+ 39. Ke1 Rxh2 40. Bf1 Bxe4
41. b6 Bc3+ 42. Kd1 Bf3+ 43. Kc1 Rc2# 0-1

[Event "XL C.to Italiano femminile"]
[Site "Porto San Giorgio ITA"]
[Date "2013.08.28"]
[Round "8"]
[White "Colantuono, Virginia"]
[Black "Chiarion, Elisa"]
[Result "1-0"]
[WhiteElo "1879"]
[BlackElo "1985"]
[PlyCount "65"]
[EventDate "2013.08.21"]

1. Nf3 g6 2. g3 Bg7 3. Bg2 c5 4. c4 e6 5. O-O Nc6 6. d3 Nge7 7. Nc3 d5 8. cxd5
exd5 9. e4 O-O 10. Bf4 a6 11. Rc1 Nb4 12. Qe2 dxe4 13. dxe4 Nd3 14. Rcd1 Nxf4
15. gxf4 Qc7 16. e5 Bh6 17. Qe3 Nf5 18. Qe4 b5 19. Nd5 Qa7 20. Nf6+ Kh8 21. Ng5
Bxg5 22. fxg5 Rb8 23. Bh3 Bb7 24. Qf4 Nd4 25. Rxd4 cxd4 26. Qh4 h5 27. Nxh5 Bf3
28. Nf6+ Bh5 29. Nxh5 gxh5 30. Qxh5+ Kg8 31. Bf5 Rfe8 32. Qh7+ Kf8 33. g6 1-0

[Event "XL C.to Italiano femminile"]
[Site "Porto San Giorgio ITA"]
[Date "2013.08.28"]
[Round "8"]
[White "De Rosa, Mariagrazia"]
[Black "Gueci, Tea"]
[Result "1/2-1/2"]
[WhiteElo "2061"]
[BlackElo "2018"]
[PlyCount "132"]
[EventDate "2013.08.21"]

1. e4 g6 2. d4 Bg7 3. Nc3 d6 4. f4 c6 5. Nf3 Bg4 6. Be3 Qb6 7. Qd2 Bxf3 8. gxf3
Nf6 9. O-O-O Qa5 10. Bc4 b5 11. Bb3 b4 12. Ne2 d5 13. e5 Nh5 14. f5 Qb5 15. c3
a5 16. cxb4 e6 17. fxe6 fxe6 18. Ng3 Nxg3 19. hxg3 Qxb4 20. Bh6 Ra7 21. Bc2 O-O
22. f4 Na6 23. Qxb4 axb4 24. Rd2 c5 25. Bxg7 Rxg7 26. dxc5 Nxc5 27. Rd4 Rb7 28.
Bb1 Rc8 29. Kd1 Na4 30. Rh2 Rbc7 31. Rc2 Rxc2 32. Bxc2 Nxb2+ 33. Kd2 Nc4+ 34.
Kd3 Na3 35. Bb3 Rc3+ 36. Ke2 Nc4 37. Rd3 Rc1 38. Rd4 Kf7 39. Kf2 h5 40. Ke2 Ke7
41. Rd1 Rxd1 42. Bxd1 g5 43. fxg5 Nxe5 44. Ke3 Ng4+ 45. Kd2 e5 46. Kc1 e4 47.
Kb2 d4 48. Kb3 d3 49. Kxb4 e3 50. Kc3 e2 51. Bxe2 dxe2 52. Kd2 Ne5 53. Kxe2 Ke6
54. a4 Nc4 55. Kf3 Kf5 56. Kg2 Kxg5 57. Kh3 Na5 58. Kg2 Kg4 59. Kh2 Nc4 60. Kg2
Ne3+ 61. Kf2 Nf5 62. a5 Nd4 63. a6 Nb5 64. Kg2 Na7 65. Kh2 Nc6 66. Kg2 Kf5
1/2-1/2

[Event "XL C.to Italiano femminile"]
[Site "Porto San Giorgio ITA"]
[Date "2013.08.28"]
[Round "8"]
[White "Gueci, Laura"]
[Black "Chierici, Marianna"]
[Result "1-0"]
[WhiteElo "1913"]
[BlackElo "2076"]
[PlyCount "75"]
[EventDate "2013.08.21"]

1. c4 e5 2. g3 Nc6 3. Bg2 f5 4. Nc3 Nf6 5. d3 Be7 6. e3 O-O 7. Nge2 Qe8 8. Rb1
a5 9. a3 Kh8 10. Nd5 Bd8 11. O-O Nxd5 12. cxd5 Ne7 13. b4 axb4 14. axb4 Ra6 15.
b5 Rh6 16. e4 f4 17. gxf4 Qh5 18. h3 d6 19. f5 Rhf6 20. f4 Qe8 21. fxe5 dxe5
22. d4 exd4 23. Nxd4 g6 24. Bb2 gxf5 25. Ne6 Kg8 26. Bxf6 Rxf6 27. Qd4 Bxe6 28.
dxe6 Rxe6 29. exf5 Rd6 30. Qg4+ Kh8 31. f6 Ng6 32. f7 Qf8 33. Rbe1 Be7 34. h4
Rd8 35. h5 Bc5+ 36. Kh1 Rd4 37. Qxd4+ Bxd4 38. Re8 1-0

[Event "XL C.to Italiano femminile"]
[Site "Porto San Giorgio ITA"]
[Date "2013.08.28"]
[Round "8"]
[White "Messina, Roberta"]
[Black "Arnetta, Maria Teresa"]
[Result "1-0"]
[WhiteElo "2097"]
[BlackElo "2014"]
[PlyCount "71"]
[EventDate "2013.08.21"]

1. Nf3 d5 2. c4 d4 3. e3 Nc6 4. b4 Bg4 5. b5 Ne5 6. Bb2 c5 7. bxc6 Nxc6 8. exd4
Qb6 9. Qb3 Bxf3 10. Qxb6 axb6 11. gxf3 Nh6 12. d5 Nb4 13. Kd1 Nf5 14. a3 Na6
15. Bh3 Nd6 16. d3 Nc5 17. Ke2 Rg8 18. Nd2 f5 19. f4 g6 20. Rhg1 Bh6 21. Be5
Kf7 22. Nf3 Ra4 23. Nd4 Rga8 24. Nc2 b5 25. d4 Nce4 26. c5 Nc4 27. Bg2 Nxa3 28.
Nxa3 Rxa3 29. Rxa3 Rxa3 30. Bxe4 fxe4 31. Rb1 Ra5 32. c6 bxc6 33. dxc6 Ke6 34.
d5+ Kf7 35. c7 Ra8 36. Rxb5 1-0

[Event "XL C.to Italiano femminile"]
[Site "Porto San Giorgio ITA"]
[Date "2013.08.29"]
[Round "9"]
[White "Di Benedetto, Desiree"]
[Black "Gueci, Laura"]
[Result "1-0"]
[WhiteElo "1754"]
[BlackElo "1913"]
[PlyCount "109"]
[EventDate "2013.08.21"]

1. e4 c5 2. Nf3 Nc6 3. Bb5 g6 4. c3 Bg7 5. O-O e5 6. Bxc6 bxc6 7. d4 cxd4 8.
cxd4 exd4 9. Nxd4 Ne7 10. Nc3 Ba6 11. Re1 O-O 12. Bg5 Re8 13. Qd2 Qb6 14. Rad1
d6 15. h4 h5 16. Nf3 Rab8 17. Qxd6 Qb4 18. Bxe7 Rxe7 19. Qxc6 Qb7 20. Qd5 Rbe8
21. Rb1 Rd7 22. Qxb7 Bxb7 23. Rbc1 Bxc3 24. Rxc3 Rxe4 25. Rxe4 Bxe4 26. Kf1 Kg7
27. Ke2 Bf5 28. b4 Rb7 29. a3 Bg4 30. Ke3 Rb5 31. Rc5 Rb7 32. Ne5 Be6 33. Nc6
Rc7 34. Nd4 Re7 35. Nxe6+ Rxe6+ 36. Kd3 Rf6 37. f3 Kf8 38. Kc4 a6 39. Re5 Rc6+
40. Kb3 f6 41. Re4 Kf7 42. a4 Rd6 43. b5 g5 44. Kc4 axb5+ 45. axb5 Rd2 46. b6
Rxg2 47. Kc5 f5 48. Rc4 Rb2 49. Rb4 Rc2+ 50. Kd6 Rd2+ 51. Ke5 Rd8 52. b7 Rb8
53. hxg5 h4 54. Kxf5 h3 55. Rh4 1-0

[Event "XL C.to Italiano femminile"]
[Site "Porto San Giorgio ITA"]
[Date "2013.08.29"]
[Round "9"]
[White "Gueci, Tea"]
[Black "Colantuono, Virginia"]
[Result "1-0"]
[WhiteElo "2018"]
[BlackElo "1879"]
[PlyCount "69"]
[EventDate "2013.08.21"]

1. e4 c5 2. Nf3 d6 3. d4 cxd4 4. Nxd4 Nf6 5. Nc3 a6 6. f3 e5 7. Nb3 Be6 8. Be3
Nbd7 9. Qd2 b5 10. O-O-O Nb6 11. Qf2 Nfd7 12. Kb1 Nc4 13. Bxc4 bxc4 14. Nc1 Qc7
15. N1e2 Rb8 16. f4 Qb7 17. Bc1 Nc5 18. Qe3 Be7 19. f5 Bd7 20. Nd5 Bc6 21. Nec3
Bxd5 22. Nxd5 h6 23. h4 Na4 24. b3 Nc5 25. Ba3 cxb3 26. cxb3 Rc8 27. g4 a5 28.
g5 hxg5 29. hxg5 Rxh1 30. Rxh1 a4 31. b4 Qb5 32. Rc1 Qb7 33. f6 Bf8 34. Qc3 Kd7
35. Bb2 1-0

[Event "XL C.to Italiano femminile"]
[Site "Porto San Giorgio ITA"]
[Date "2013.08.29"]
[Round "9"]
[White "Messina, Roberta"]
[Black "De Rosa, Mariagrazia"]
[Result "1/2-1/2"]
[WhiteElo "2097"]
[BlackElo "2061"]
[PlyCount "102"]
[EventDate "2013.08.21"]

1. c4 Nf6 2. g3 g6 3. Bg2 Bg7 4. Nc3 O-O 5. Nf3 d6 6. O-O e5 7. d3 Nc6 8. Rb1
a5 9. a3 h6 10. b4 axb4 11. axb4 Be6 12. b5 Ne7 13. Qc2 Qd7 14. Bb2 Bh3 15.
Bxh3 Qxh3 16. Nd5 Nexd5 17. cxd5 Rac8 18. Rfc1 Nxd5 19. d4 Qe6 20. e4 Nb6 21.
dxe5 dxe5 22. Qc5 Rfe8 23. Qb4 Qg4 24. Kg2 Bf8 25. Qe1 Bd6 26. Qe3 Kh7 27. Rc2
Ra8 28. Bc1 g5 29. h4 f6 30. hxg5 hxg5 31. Bd2 Kg7 32. Rh1 Rh8 33. Rcc1 Rxh1
34. Rxh1 Rh8 35. Rxh8 Kxh8 36. Qb3 Kg7 37. Bb4 Qxe4 38. Bxd6 cxd6 39. Qe6 Qd5
40. Qe7+ Kg6 41. g4 Nc4 42. Qe8+ Qf7 43. Qc8 Kg7 44. Qd8 b6 45. Nxg5 fxg5 46.
Qxg5+ Qg6 47. Qe7+ Qf7 48. Qg5+ Kh7 49. Qh4+ Kg7 50. Qg5+ Qg6 51. Qh4 Qf7
1/2-1/2

[Event "XL C.to Italiano femminile"]
[Site "Porto San Giorgio ITA"]
[Date "2013.08.29"]
[Round "9"]
[White "Tonel, Giulia"]
[Black "Chiarion, Elisa"]
[Result "1-0"]
[WhiteElo "1973"]
[BlackElo "1985"]
[PlyCount "99"]
[EventDate "2013.08.21"]

1. d4 Nf6 2. c4 c5 3. d5 b5 4. cxb5 a6 5. bxa6 Bxa6 6. Nc3 g6 7. e4 Bxf1 8.
Kxf1 d6 9. g3 Bg7 10. Kg2 Nbd7 11. Nf3 h5 12. Re1 Qb6 13. Qc2 O-O 14. Rb1 Rfb8
15. Bg5 c4 16. Re2 Qb7 17. Nd4 Nc5 18. f3 Re8 19. Be3 Nfd7 20. a3 Ne5 21. f4
Ned3 22. Bg1 e5 23. dxe6 fxe6 24. Nf3 Reb8 25. Nd1 Rxa3 26. Qxc4 Ra4 27. Qc2
Rxe4 28. Bxc5 Nxc5 29. Rxe4 Nxe4 30. b4 Rc8 31. Qd3 d5 32. Rb3 Rc4 33. Ne5 Bxe5
34. fxe5 Rxb4 35. Ra3 Qc7 36. Ra8+ Rb8 37. Qa6 Rxa8 38. Qxa8+ Kg7 39. Qa4 Qxe5
40. Qd7+ Kh6 41. Qe7 Qf6 42. Qb4 d4 43. Qe1 Qf5 44. Qb4 e5 45. Qb8 Nd2 46. Qh8+
Kg5 47. h4+ Kg4 48. Nf2+ Qxf2+ 49. Kxf2 Ne4+ 50. Kg2 1-0